City by Football Clubs - Statistics

General Stats
  • This quiz has been taken 1,552 times
    1,455 since last reset
  • The average score is 15 of 17
Answer Stats
Clubs City % Correct
Arsenal, Chelsea, Fulham, Tottenham Hotspur, West Ham London
100%
[ ] United, [ ] City, Salford City, Wigan Athletic Manchester
98%
Atlético [ ], Getafe, Rayo Vallecano, Real [ ] Madrid
97%
AC [ ], Internazionale Milan
96%
AS [ ], SS Lazio Rome
94%
Celtic, Rangers Glasgow
92%
Başakşehir, Beşiktaş, Fenerbahçe, Galatasaray, Kasımpaşa Istanbul
91%
SL Benfica, Sporting CP Lisbon
90%
Everton, [ ], Tranmere Rovers Liverpool
90%
CSKA [ ], Dynamo [ ], Lokomotiv [ ], Spartak [ ] Moscow
88%
Aston Villa, [ ] City, West Bromwich Albion Birmingham
86%
Bohemians 1905, Sparta [ ], Slavia [ ] Prague
86%
Botafogo, Flamengo, Fluminense, CR Vasco da Gama Rio de Janeiro
86%
Boca Junior, Independiente, Racing Club, River Plate Buenos Aires
83%
RSC Anderlecht, R.W.D. Molenbeek, Royal Union Saint-Galloise Brussels
82%
Feyenoord, Sparta [ ], Excelsior Rotterdam
81%
Brøndby IF, FC [ ], Lyngby BK Copenhagen
73%
No matching quizzes found
Score Distribution
Percent of People with Each Score
Percentile by Number Answered
Your Score History
You have not taken this quiz since the last reset